000 00674nam a22002537a 4500
003 UA-OsUOA
001 88609
007 ta
008 20121009b un ||||| |||| 00| 0 ukr d
100 _aЕберхарт М. Г.
700 _aКвентин П.
090 _a820(73)
_bЕ12
942 _cBK
040 _aUA-OsUOA
_brus
_cUA-OsUOA
_dUA-OsUOA
245 _aДосьє на Попелюшку. Замість розлучення - смерть
300 _a180 с.
955 _a3
041 _arus
080 _a820(73)
020 _a5-8238-0127-0
260 _aК.
_bТанн
_c1993
650 7 _a820(73) Література США
_2UDC
999 _c374723
_d374723